Growth functions of the DTOL systems controlled by bouquet graph

Bibliographic Details
Main Author: Pastorová, Mária (Author)
Format: Article
Language:English
PhysicalDescription:Obr. 6. Fot. 1. Res. angl., rus., lit. 14 zázn. v angl.
Subjects:

MARC

LEADER 00000nab a2200000 a 4500
001 vtls000412092
003 SK-MaSNL
005 20260318124821.0
008 230217c1990 xo 0 eng
015 |a SNBRB19rr/mm-uuuuu 
035 |a CL0412217 
035 |a urn:nbn:sk:snk-ab1qmj 
035 |a (urnnbn)urn:nbn:sk:snk:ar-004zzd 
035 |a (uuid)cf8b61c7-c878-4c79-933b-64e1f956ce96 
040 |a SNKBUCL  |b slo  |c SNKBUCL  |e AACR2 
041 0 |a eng 
044 |a xo  |c SK 
080 |a 519.17:519.246:517.5  |2 1981 
080 |a 519.246  |2 1981 
080 |a 517.5  |2 1981 
100 1 |a Pastorová, Mária  |4 aut  |9 222243 
245 1 0 |a Growth functions of the DTOL systems controlled by bouquet graph  |c Mária Pastorová 
300 |b Obr. 6. Fot. 1. Res. angl., rus., lit. 14 zázn. v angl. 
650 0 7 |a stochastické systémy  |2 snkbucl  |9 67453 
650 0 7 |a GDTOL (systém stochastický)  |2 snkbucl  |9 1294160 
650 0 7 |a buketové grafy  |2 snkbucl  |9 1294161 
650 0 7 |a rastové funkcie  |2 snkbucl  |9 1294162 
655 7 |a články z novín a časopisov  |2 snkbucl  |9 267496 
773 0 |t Computers and artificial intelligence  |g Roč. 9, č. 3 (1990), s. 299-311 
850 |a Slovenská národná knižnica v Martine  |a MTA001 
852 |a SNK  |b KIS3GCP 
958 |a NB 
958 |a RK 
958 |a OND 
958 |a EUIPO 
958 |a article27 
992 |a RBX 
999 |c 2575284  |d 2577214